Imminent river a novel
Guardat en:
| Autor principal: | |
|---|---|
| Format: | Llibre |
| Idioma: | anglès |
| Publicat: |
Narrative landscape press
2018
|
| Etiquetes: |
Afegir etiqueta
Sense etiquetes, Sigues el primer a etiquetar aquest registre!
|
MARC
| LEADER | 00000nam a22000007a 4500 | ||
|---|---|---|---|
| 008 | 201204b ||||| |||| 00| 0 eng d | ||
| 020 | |a 9789785572377 | ||
| 100 | |a Ihuoma, Anaele | ||
| 245 | |a Imminent river |b a novel |c anaele Ihuoma |g vii,350p | ||
| 260 | |b Narrative landscape press |c 2018 |h Lagos |i 694541, 694542 |l PS3613.Ih8 |m 1)Fiction --- Literary (2) West African fiction (English) | ||
| 942 | |a lcc |c BK |e Akinniyi, A.R |f 4/12/2020 | ||
| 952 | |0 0 |1 0 |2 lcc |4 0 |7 0 |9 24 |a HOL |b HOL |c LP |d 2020-12-04 |o PR3613.Ih8 |p 2020-0022 |r 2020-12-04 00:00:00 |w 2020-12-04 |y BK | ||
| 952 | |0 0 |1 0 |2 lcc |4 0 |6 PR3613 I H8 |7 0 |9 34 |a HOL |b HOL |c LP |d 2020-12-04 |l 0 |o PR3613.Ih8 |p 2020-0021 |r 2020-12-04 00:00:00 |w 2020-12-04 |y BK | ||
| 999 | |c 16 |d 16 | ||